| 000 | 00773nam a22002057a 4500 | ||
|---|---|---|---|
| 999 |
_c18547 _d18547 |
||
| 008 | 231130b ||||| |||| 00| 0 eng d | ||
| 020 | _a9781265669454 | ||
| 082 |
_22022 _aDC 657.825 _bR244 |
||
| 100 |
_aReck, Jacqueline. _950302 |
||
| 245 |
_aAccounting for governmental & nonprofit entities / _cJacqueline Reck, Suzanne Lowensohn and Daniel Neely. |
||
| 250 | _a19th edition. | ||
| 260 |
_aNew York : _bMcgraw hill llc, _c©2022. |
||
| 300 |
_axxvii, 788 pages : _bcolor illustrations ; _c24.5 cm. |
||
| 500 | _aIncludes glossary and index. | ||
| 650 |
_aPublic finance _xAccounting. _950326 |
||
| 650 |
_aNonprofit organizations _xAccounting. _950327 |
||
| 700 |
_aLowensohn, Suzanne. _eauthor. _950303 |
||
| 700 |
_aNeely, Daniel. _eauthor. _950304 |
||
| 942 |
_2ddc _cDC |
||